000 00295nam a2200145Ia 4500
100 _aInfuse Inc
942 _cRB
654 _aengineering
245 _aRe engineering
260 _bInfuse Inc
_aNew Delhi
_c1995
082 _a658.562
_bINF
300 _a66
546 _aENGLISH
999 _c19895
_d19895